| Tag |
First Indicator |
Second Indicator |
Subfields |
| LEADER |
00000cam a2200000 i 4500 |
| 001 |
in00004633124 |
| 003 |
OCoLC |
| 005 |
20230102172422.8 |
| 008 |
220404t20222022ncu 000 f eng |
| 010 |
|
|
|a 2022016100
|
| 040 |
|
|
|a DLC
|e rda
|c DLC
|
| 020 |
|
|
|a 9781643751597
|q hardcover
|
| 020 |
|
|
|a 164375159X
|q hardcover
|
| 020 |
|
|
|z 9781643753447
|q electronic book
|
| 035 |
|
|
|a (OCoLC)1290015721
|
| 043 |
|
|
|a e-ie---
|
| 050 |
0 |
0 |
|a PS3558.O8659
|b L37 2022
|
| 082 |
0 |
0 |
|a 813/.6
|2 23
|
| 100 |
1 |
|
|a House, Silas,
|d 1971-
|e author.
|
| 245 |
1 |
0 |
|a Lark ascending :
|b a novel /
|c by Silas House.
|
| 250 |
|
|
|a First edition.
|
| 264 |
|
1 |
|a Chapel Hill, North Carolina :
|b Algonquin Books of Chapel Hill,
|c [2022].
|
| 264 |
|
4 |
|c ©2022.
|
| 300 |
|
|
|a 277 pages ;
|c 22 cm.
|
| 336 |
|
|
|a text
|b txt
|2 rdacontent
|
| 337 |
|
|
|a unmediated
|b n
|2 rdamedia
|
| 338 |
|
|
|a volume
|b nc
|2 rdacarrier
|
| 520 |
|
|
|a In the near future, as fires devastate most of the United States, Lark and his family secure a place on a boat headed to Ireland, which is rumored to be accepting refugees and is the last country not yet overrun by extremists.
|
| 650 |
|
0 |
|a Radicalism
|v Fiction.
|
| 650 |
|
0 |
|a Nationalism
|v Fiction.
|
| 650 |
|
0 |
|a Climatic changes
|v Fiction.
|
| 650 |
|
0 |
|a Survival
|v Fiction.
|
| 651 |
|
0 |
|a Ireland
|v Fiction.
|
| 650 |
|
0 |
|a Dystopias.
|
| 655 |
|
0 |
|a Apocalyptic fiction.
|
| 945 |
|
|
|b 527542
|
| 947 |
|
|
|a A14851367665
|
| 948 |
|
|
|a dmitchel 1/2/23 11.20.10
|
| 980 |
|
|
|b print
|c 40031425490
|f LIT/B
|g 565714
|k USD
|m 27.00
|q 1
|s AcqMono Conventional
|t Approval plan
|u Vendor order reference number
|v ZYBP
|y Print approval
|z Physical resource
|
| 999 |
f |
f |
|i 47b9074f-2fcd-49cf-89e4-7a7ce7eafa94
|s 71fb47ea-5406-49f1-9e25-25f48ed732a4
|t 0
|
| 952 |
f |
f |
|p normal
|a Texas A&M University
|b College Station
|c Sterling C. Evans Library
|s Evans stk
|d Evans: Library Stacks
|t 0
|e PS3558.O8659 L37 2022
|h Library of Congress classification
|i unmediated -- volume
|m A14851367665
|
| 998 |
f |
f |
|a PS3558.O8659 L37 2022
|t 0
|l Evans: Library Stacks
|